Statistics for Mexican Spanish to English

Click here to take the quiz!

General Stats

  • This quiz has been taken 4 times
  • The average score is 4 of 15

Answer Stats

Mexican Spanish Literal English English % Correct
PadreEstá padre.It's father.Cool
50%
Mande¿Mande?You order?Excuse me?
50%
CodoNo le pidas dinero, está muy codo.Don't ask him for money, he's very elbow.Stingy
50%
Haber pedoNo hay pedo.There's no fart.No problem
25%
Aguas¡Aguas!Waters!Be careful
25%
CrudaTengo la cruda.I have the raw thing.Hung over
25%
Muy MuyTe crees muy muy.You think you're very very.All that
25%
Ocho cuartos¡Que novia ni qué ocho cuartos!What girlfriend nor what eight fourths!My foot!
25%
PedoEl anda bien pedo.He goes very fart.Drunk
25%
Baboso¡Baboso!Drooler!Idiot!
25%
GüeyNos vemos a las ocho, güey.See you at eight, ox.Dude
25%
FresaEl antro estaba lleno de fresas.The club was full of strawberries.Snob
0%
A toda madreTu carro está a toda madre.Your new car is to all mother.Awesome
0%
BallenaSi vas al 7-Eleven, cómprame una ballena.If you're going to 7-Eleven, buy me a whale.Forty
0%
HuevónMira qué huevón es Juan.Look how eggy John is.Lazy
0%

Score Distribution

Percentile by Number Answered

Percent of People with Each Score

Your Score History

You have not taken this quiz